| 000 | 01863nam a2200433 a 4500 | ||
|---|---|---|---|
| 001 | ebr5000198 | ||
| 003 | CaPaEBR | ||
| 006 | m u | ||
| 007 | cr cn||||||||| | ||
| 008 | 000825s2000 ne sb 101 0 eng | ||
| 010 | _z 99055068 | ||
| 015 | _aGBA0-56012 | ||
| 016 | 7 |
_a9027229457 _2Uk |
|
| 020 | _z9027229457(pbk.) | ||
| 020 | _z1556196598(U.S. : pbk.) | ||
| 020 | _z155619658X(U.S. : cased) | ||
| 020 | _z9027229449(Eur. : cased) | ||
| 040 |
_aCaPaEBR _cCaPaEBR |
||
| 035 | _a(OCoLC)70769166 | ||
| 041 | 0 |
_aeng _bmul |
|
| 050 | 1 | 4 |
_aP143 _b.R32 2000eb |
| 082 | 0 | 4 |
_a410 _221 |
| 111 | 2 |
_aRice University Symposium on Linguistics _n(7th : _d1997) |
|
| 245 | 1 | 0 |
_aReconstructing grammar _h[electronic resource] : _bcomparative linguistics and grammaticalization / _cedited by Spike Gildea. |
| 260 |
_aAmsterdam ; _a[Great Britain] : _bJohn Benjamins, _cc2000. |
||
| 300 | _axiv, 267 p. | ||
| 490 | 1 |
_aTypological studies in language, _x0167-7373 ; _vvol. 43 |
|
| 500 | _aThese papers were presented in preliminary form at the Seventh Rice University Symposium on Linguistics, held at Rice University in Houston, Texas, March 26-29, 1997-p. ix. | ||
| 504 | _aIncludes bibliographical references and indexes. | ||
| 533 |
_aElectronic reproduction. _bPalo Alto, Calif. : _cebrary, _d2013. _nAvailable via World Wide Web. _nAccess may be limited to ebrary affiliated libraries. |
||
| 546 | _aIncludes texts in various languages. | ||
| 650 | 0 |
_aComparative linguistics _vCongresses. |
|
| 650 | 0 |
_aGrammar, Comparative and general _vCongresses. |
|
| 655 | 7 |
_aElectronic books. _2local |
|
| 700 | 1 | _aGildea, Spike. | |
| 710 | 2 | _aebrary, Inc. | |
| 830 | 0 |
_aTypological studies in language ; _vv. 43. |
|
| 856 | 4 | 0 |
_uhttp://site.ebrary.com/lib/rucke/Doc?id=5000198 _zAn electronic book accessible through the World Wide Web; click to view |
| 999 |
_c17635 _d17635 |
||